000 01138nam a2200325 a 4500
001 000014002
003 DO-SdBNP
005 20260527074041.0
007 ta
008 091202t2009 dr ac 000 e spa d
020 _a9789945140545
040 _aDO-SdBNP
_bspa
_cBNPHU
_erda
082 4 _a320.97293
_bO77p
_222
100 1 _aOrtiz Bosch, Milagros, 1936-
_d1936-
_eautora
_926797
245 1 3 _aLa política y la vida /
_cMilagros Ortiz Bosch.
260 _aSanto Domingo :
_bCorripio,
_c2009.
300 _a263 p. ;
_c22 cm.
336 _2rdacontent
_atexto
_btxtx
337 _2rdamedia
_asin mediación
_bn
338 _2rdacarrier
_avolumen
_bnc
500 _aIncluye datos biográficos de la autora en las solapas de las cubiertas
500 _aFotografía de portada: Juan Basanta.
500 _aIncluye índice
590 _aInventariado, 2023 / MF
650 4 _aMujeres en la política
_zRepública Dominicana
_96586
650 4 _aCiencias políticas y sociología
_93366
650 0 _aPartidos políticos
_zRepública Dominicana
_9285
651 4 _aRepública Dominicana
_xPolítica y gobierno
_931680
942 _2ddc
_cLBS1
999 _c13606
_d13606